00496nam a22001577a 4500003000400000082001600004100001600020245009100036260003500127300000700162650001600169653000700185942001200192952011700204999001700321SGT a618.2bA23A aRAVAL, ATRI aAssociation of early Pregnancy Utrine Artery doppler changes with outcome of Pregnancy aGURUGRAMbSGT UNIVERSITYc2023 a72 aOBSTETIRICS aMS 2ddccTH 00102ddc4051718MEDICALaFMbFMcREFd2024-06-20l0o618.2 A23ApDT1700r2024-06-20 00:00:00w2024-06-20yTH c26487d26487